novels by title line - Statistics

General Stats
  • This quiz has been taken 40 times
  • The average score is 4 of 15
Answer Stats
line novel % Correct
Shoot all the bluejays you want, if you can hit ‘em, but remember it’s a sin [title] . To Kill a Mockingbird
93%
He fell in October 1918, on a day that was so quiet and still on the whole front, that the army report confined itself to the single sentence: [title] . All Quiet on the Western Front
70%
Was Tara still standing? Or was Tara also [title] which had swept through Georgia? Gone With the Wind
60%
Of all the strange things that Alice saw in her journey [title] , this was the one that she always remembered most clearly. Through the Looking-Glass
50%
'I know they will remember all I said to them, that they will be loving children to you, will do their duty faithfully, fight their bosom enemies bravely, and conquer themselves so beautifully that when I come back to them I may be fonder and prouder than ever of my [title] .' Little Women
43%
I think it pisses God off if you walk by [title] in a field somewhere and don't notice it. The Color Purple
27%
There was only one [part of title] and that was [title] , which specified that a concern for one's safety in the face of dangers that were real and immediate was the process of a rational mind. Catch-22
23%
Maybe I drink too much, but I sure as hell never killed four people [title] . In Cold Blood
23%
There wasn't the slightest possible chance that they could go [title] tomorrow, Mr. Ramsay snapped out irascibly To the Lighthouse
13%
They seemed to be staring at the dark, but [title] . Their Eyes Were Watching God
7%
You just slept [title] , not caring about the nastiness of how you died or where you fell. The Big Sleep
3%
'What's the bravest thing you ever did?' He spat in [title] a bloody phlegm. 'Getting up this morning,' he said. The Road
3%
What fell to her lot was not the burden but [title] . The Unbearable Lightness of Being
3%
He nodded to her, and she came and sat by him, and they had more drink, and then he went upstairs into a room with her, and the wild beast rose up within him and screamed, as it has screamed in [title] from the dawn of time. The Jungle
0%
[title] were determined to some extent by superstition. The Things They Carried
0%
No matching quizzes found
Score Distribution
Percent of People with Each Score
Percentile by Number Answered
Your Score History
You have not taken this quiz